00187nam a22000737a 4500020001900000040000900019082001800028245006700046 a978-3031342745 cNUST a624.1519bWIN aGeotechnical Instrumentation and Applications by Myint Win Bo